000 00291nam a22001337a 4500
008 181012b xxu||||| |||| 00| 0 eng d
020 _a9780125869904
041 _aeng
080 _a591
100 _a7
101 _aZOO
245 _aEncyclopedia of Insects
_cResh, V.H
942 _2udc
_cBK
999 _c49493
_d49493